| 000 | 00523cam a2200217ua 4500 | ||
|---|---|---|---|
| 020 | _c7.50 | ||
| 041 |
_aeng _h |
||
| 082 |
_a530 _bKUN/PR |
||
| 100 | _aKunkan Nair, P G . | ||
| 245 |
_aPre Degree Physics / _cP G Kunkan Nair. _hTextual Documents |
||
| 250 |
_a1 / _b. |
||
| 260 |
_aChennai : _bThe National Publishing Co , _c1965. |
||
| 300 | _a604 ; . | ||
| 365 | _a7.50 | ||
| 504 | _a | ||
| 650 | _aPhysics | ||
| 700 | 1 | _aSeetharaman, K S . | |
| 942 | _cBK | ||
| 999 |
_c146 _d146 |
||